000 00942nam a2200229 a 4500
001 64950
003 BD-RjUL
005 20211209081354.0
008 170225s1959 ii |||| |||| 000 0 ben d
020 _c: Tk. 8.00
035 _a(BD-RjUL)65080
040 _aBD-RjUL
_bben
_cBD-RjUL
_dBD-RjUL
041 _aben
082 _223
_a891.44109
_bGUP 1959
100 1 _aগুপ্ত, ক্ষেত্র
_9179261
245 1 _aপ্রাচীন কাব্য সৌন্দর্য জিজ্ঞাসা ও নব মূল্যায়ণ /
_cক্ষেত্র গুপ্ত
260 _aকলিকাতা :
_bগ্রন্থনিলয় ;
_c১৯৫৯ [১৩৬৬]
300 _a২৮৮ পৃ. ;
_c১৯ সেমি.
650 _aবাংলা কবিতা
_xইতিহাস ও সমালোচনা
_9191654
650 _aBengali poetry
_xHistory and Criticism
_9188646
942 _2ddc
_cBK
999 _c64950
_d64950